Quantitative survival guide for operations management / (Record no. 594001)

000 -LEADER
fixed length control field 01430cam a22003017a 4500
001 - CONTROL NUMBER
control field 13916525
005 - DATE AND TIME OF LATEST TRANSACTION
control field 20230321160606.0
008 - FIXED-LENGTH DATA ELEMENTS--GENERAL INFORMATION
fixed length control field 050331s2005 nyu 000 0 eng d
010 ## - LIBRARY OF CONGRESS CONTROL NUMBER
LC control number 2005295645
020 ## - INTERNATIONAL STANDARD BOOK NUMBER
International Standard Book Number 0471678775
035 ## - SYSTEM CONTROL NUMBER
System control number (OCoLC)ocm57654807
040 ## - CATALOGING SOURCE
Original cataloging agency MUO
Transcribing agency MUO
Modifying agency DLC
042 ## - AUTHENTICATION CODE
Authentication code lccopycat
050 00 - LIBRARY OF CONGRESS CALL NUMBER
Classification number TS155
Item number .K7925 2005
082 ## - DEWEY DECIMAL CLASSIFICATION NUMBER
Classification number 658.5
Author Mark KRA
100 1# - MAIN ENTRY--PERSONAL NAME
Personal name Kratzer, Thomas A.
9 (RLIN) 110981
245 10 - TITLE STATEMENT
Title Quantitative survival guide for operations management /
Statement of responsibility, etc. Thomas A. Kratzer.
260 ## - PUBLICATION, DISTRIBUTION, ETC.
Place of publication, distribution, etc. U.S.A :
Name of publisher, distributor, etc. Wiley,
Date of publication, distribution, etc. c2005.
300 ## - PHYSICAL DESCRIPTION
Extent v, 71 p. :
Other physical details ill. ;
Dimensions 26 cm.
505 0# - FORMATTED CONTENTS NOTE
Formatted contents note The basics -- Break-even quantities -- Quality control -- Reliability -- Forecasting models -- Location models; Center of Gravity; Load distance -- Layout models; Load distance; Assembly line balancing -- Time studies -- Independent demand inventory models -- Project planning; PERT -- Waiting line models -- Decision analysis.
650 #0 - SUBJECT ADDED ENTRY--TOPICAL TERM
Topical term or geographic name entry element Production management
General subdivision Statistical methods.
9 (RLIN) 110982
650 #0 - SUBJECT ADDED ENTRY--TOPICAL TERM
Topical term or geographic name entry element Quality control
General subdivision Statistical methods.
856 42 - ELECTRONIC LOCATION AND ACCESS
Materials specified Publisher description
Uniform Resource Identifier <a href="http://www.loc.gov/catdir/enhancements/fy0627/2005295645-d.html">http://www.loc.gov/catdir/enhancements/fy0627/2005295645-d.html</a>
856 41 - ELECTRONIC LOCATION AND ACCESS
Materials specified Table of contents only
Uniform Resource Identifier <a href="http://www.loc.gov/catdir/enhancements/fy0627/2005295645-t.html">http://www.loc.gov/catdir/enhancements/fy0627/2005295645-t.html</a>
906 ## - LOCAL DATA ELEMENT F, LDF (RLIN)
a 7
b cbc
c copycat
d 3
e ncip
f 20
g y-gencatlg
942 ## - ADDED ENTRY ELEMENTS (KOHA)
Source of classification or shelving scheme
Koha item type Book
Holdings
Withdrawn status Lost status Source of classification or shelving scheme Damaged status Not for loan Permanent Location Current Location Shelving location Date acquired Source of acquisition Total Checkouts Full call number Barcode Date last seen Price effective from Koha item type
          Central Library (CL) Central Library (CL) Operation Management 03/21/2023 Multi Line Books   658.5 KRA CL-1434 03/21/2023 03/21/2023 Book
© 2023 Central Library, National University of Sciences and Technology. All Rights Reserved.